000 00556nam a22001577a 4500
008 230223b |||||||| |||| 00| 0 eng d
041 _aNep
082 _aN895.513/A575e
100 _aअधिकारी, हरि
245 _aएक्लो नायक; उपन्यास
260 _aकाठ्माडौं;
_bअनुष्का प्रकाशन,
_cएन.डि.
300 _a३७१पृ
650 _aनेपाली साहित्य
650 _aनेपाली उपन्यास
942 _2ddc
_cGEN
999 _c107963
_d107951